<?xml version="1.0" encoding="UTF-8"?>
<collection xmlns="http://www.loc.gov/MARC21/slim">
 <record>
  <leader>01455nam a2200157 a 4500</leader>
  <controlfield tag="001">1/44305</controlfield>
  <controlfield tag="008">140312s1981    gr            000 0 gre  </controlfield>
  <datafield tag="035" ind1=" " ind2=" ">
   <subfield code="l">47249</subfield>
  </datafield>
  <datafield tag="040" ind1=" " ind2=" ">
   <subfield code="a">GR-PeUP</subfield>
  </datafield>
  <datafield tag="090" ind1=" " ind2=" ">
   <subfield code="a">320 ΚΑ</subfield>
  </datafield>
  <datafield tag="245" ind1="0" ind2="0">
   <subfield code="a">Πολιτικά /</subfield>
   <subfield code="c">Αθανάσιος Κανελλόπουλος.</subfield>
  </datafield>
  <datafield tag="260" ind1=" " ind2=" ">
   <subfield code="a">[χ.τ.] :</subfield>
   <subfield code="b">Κάκτος,</subfield>
   <subfield code="c">1981.</subfield>
  </datafield>
  <datafield tag="300" ind1=" " ind2=" ">
   <subfield code="a">243 σ. ;</subfield>
   <subfield code="c">21 εκ.</subfield>
  </datafield>
  <datafield tag="500" ind1=" " ind2=" ">
   <subfield code="a">Περιεχόμενα απο το εξώφυλλο: ο στρατός και η δικτατορία-αυταρχία ή δημοκρατία για την ταχύτερη ανάπτυξη; - οικομάχοι και οικο-λάτρες - ή ημιτελής συμφωνία - γεύση ιστορίας - γλαυκή παιδοτρόφος ελαία - κριτική του πληθωρισμού και πληθωρισμός κριτικής - ο πληθωρισμός και η κοινωνική αναστρωμάτωση - οι ευρωπαικές κοινότητες και ο πληθωρισμός - η συμφωνία των συμφερόντων και η αλήθεια - δυνατότητες και καθήκοντα της ευρωπαικής γεωργίας - για την ηθικοποίηση της οικονομίας - η λυδία λίθος -</subfield>
  </datafield>
  <datafield tag="650" ind1=" " ind2="4">
   <subfield code="a">Πολιτική.</subfield>
  </datafield>
  <datafield tag="852" ind1=" " ind2=" ">
   <subfield code="a">INST</subfield>
   <subfield code="b">UNIPILB</subfield>
   <subfield code="c">MAIN</subfield>
   <subfield code="e">20140312</subfield>
   <subfield code="h">320 ΚΑ</subfield>
   <subfield code="p">00113278</subfield>
   <subfield code="q">00113278</subfield>
   <subfield code="t">LOAN</subfield>
   <subfield code="y">0</subfield>
   <subfield code="4">1</subfield>
  </datafield>
 </record>
</collection>
